[Event "HUN-chT2 Toth 1819"]
[Site "Hungary"]
[Date "2019.04.28"]
[Round "11.9"]
[White "Horvath, Antal"]
[Black "Panda, Gyorgy"]
[Result "1/2-1/2"]
[WhiteElo "1853"]
[BlackElo "1620"]
[PlyCount "42"]
[EventDate "2018.09.23"]
[EventType "team-tourn"]
[EventRounds "11"]
[EventCountry "HUN"]
[SourceTitle "EXT 2021"]
[Source "ChessBase"]
[SourceDate "2020.10.23"]
[SourceVersion "1"]
[SourceVersionDate "2020.10.23"]
[SourceQuality "1"]
[WhiteTeam "Oroshaza"]
[BlackTeam "Kecskemet Toth Laszlo II"]
[WhiteTeamCountry "HUN"]
[BlackTeamCountry "HUN"]

1. e4 c5 2. Nf3 e6 3. d4 cxd4 4. Nxd4 a6 5. Bc4 Nf6 6. e5 Qa5+ 7. c3 Qxe5+ 8. Be3 b5 9. Be2 Bb7 10. Bf3 d5 11. 0-0 Nbd7 12. g3 Qc7 13. Bg2 e5 14. Nf5 g6 15. Nh4 Bg7 16. h3 0-0 17. Nd2 Nc5 18. Nb3 Ne6 19. Nf3 h6 20. Qc1 Kh7 21. Qd2 Ne4 1/2-1/2

[Event "HUN-chT2 Toth 1819"]
[Site "Hungary"]
[Date "2019.03.31"]
[Round "10.10"]
[White "Horvath, Antal"]
[Black "Kis, Izabella"]
[Result "1-0"]
[WhiteElo "1853"]
[BlackElo "1455"]
[PlyCount "123"]
[EventDate "2018.09.23"]
[EventType "team-tourn"]
[EventRounds "11"]
[EventCountry "HUN"]
[SourceTitle "EXT 2021"]
[Source "ChessBase"]
[SourceDate "2020.10.23"]
[SourceVersion "1"]
[SourceVersionDate "2020.10.23"]
[SourceQuality "1"]
[WhiteTeam "Oroshaza"]
[BlackTeam "Szeged Maroczy III"]
[WhiteTeamCountry "HUN"]
[BlackTeamCountry "HUN"]

1. e4 e5 2. Nf3 Nc6 3. Bc4 Nf6 4. Nc3 Bc5 5. 0-0 d6 6. h3 0-0 7. a3 Be6 8. d3 h6 9. Nd5 Bxd5 10. Bxd5 Nxd5 11. exd5 Ne7 12. c4 Nf5 13. Qe2 a5 14. g4 Nd4 15. Nxd4 Bxd4 16. Be3 Bxe3 17. fxe3 Qd7 18. Kh2 f5 19. gxf5 Rxf5 20. Rxf5 Qxf5 21. Rf1 Qg5 22. Qf3 Qg6 23. e4 Qe8 24. Qg4 Kh7 25. Qe6 Qxe6 26. dxe6 Kg6 27. Rf7 Rc8 28. Kg3 b6 29. b3 Kh7 30. Kg2 h5 31. Kg3 Kh6 32. h4 Kg6 33. Rd7 Kf6 34. e7 Re8 35. Rxc7 Rxe7 36. Rc6 Rb7 37. Rxd6+ Ke7 38. Rg6 Kf7 39. Rd6 Ke7 40. Rd5 Ke6 41. Kf3 Rf7+ 42. Ke3 Rf4 43. d4 Rxh4 44. Rxe5+ Kd6 45. b4 Rh3+ 46. Kf4 Rxa3 47. bxa5 Rxa5 48. Rf5 Ra4 49. Rxh5 Rxc4 50. d5 b5 51. Rg5 Rc7 52. Rg6+ Kc5 53. Ke5 b4 54. Ke6 b3 55. d6 Rc6 56. e5 Rb6 57. Rg1 b2 58. Rb1 Kc6 59. d7 Kc7+ 60. Ke7 Rb8 61. Rxb2 Rd8 62. Rc2+ 1-0

[Event "HUN-chT2 Toth 1819"]
[Site "Hungary"]
[Date "2019.02.10"]
[Round "7.11"]
[White "Horvath, Antal"]
[Black "Cs Kovacs, Laszlo"]
[Result "1/2-1/2"]
[WhiteElo "1853"]
[BlackElo "1836"]
[PlyCount "69"]
[EventDate "2018.09.23"]
[EventType "team-tourn"]
[EventRounds "11"]
[EventCountry "HUN"]
[SourceTitle "EXT 2021"]
[Source "ChessBase"]
[SourceDate "2020.10.23"]
[SourceVersion "1"]
[SourceVersionDate "2020.10.23"]
[SourceQuality "1"]
[WhiteTeam "Oroshaza"]
[BlackTeam "Felegyhaza Csongrad"]
[WhiteTeamCountry "HUN"]
[BlackTeamCountry "HUN"]

1. e4 d6 2. d4 g6 3. Nc3 Bg7 4. h3 Nc6 5. Nf3 a6 6. Be3 b5 7. a3 Bb7 8. Bd3 Nf6 9. Qd2 e5 10. dxe5 Nxe5 11. Nxe5 dxe5 12. Bh6 0-0 13. 0-0 Qd4 14. Be3 Qd6 15. f3 Rfd8 16. Qf2 Nh5 17. Rad1 Qe6 18. Ne2 Qa2 19. Ra1 Qe6 20. Rab1 Rac8 21. b4 Bf8 22. Rfd1 Bd6 23. c3 f6 24. Bc2 Kh8 25. Bb3 Qe7 26. Bc5 Bxc5 27. Qxc5 Qxc5+ 28. bxc5 Bc6 29. Rxd8+ Rxd8 30. Rd1 Rxd1+ 31. Bxd1 Nf4 32. Nxf4 exf4 33. Bb3 Bd7 34. Kf2 Kg7 35. Ke2 1/2-1/2

[Event "HUN-chT2 Toth 1718"]
[Site "Hungary"]
[Date "2017.11.26"]
[Round "4.11"]
[White "Horvath, Antal"]
[Black "Kozak, Janos"]
[Result "1-0"]
[WhiteElo "1848"]
[BlackElo "1473"]
[PlyCount "83"]
[EventDate "2017.09.24"]
[EventType "team-tourn"]
[EventRounds "11"]
[EventCountry "HUN"]
[SourceTitle "EXT 2021"]
[Source "ChessBase"]
[SourceDate "2020.10.23"]
[SourceVersion "1"]
[SourceVersionDate "2020.10.23"]
[SourceQuality "1"]
[WhiteTeam "Oroshaza"]
[BlackTeam "Szentes Integral"]
[WhiteTeamCountry "HUN"]
[BlackTeamCountry "HUN"]

1. e4 c5 2. Nf3 e6 3. d4 cxd4 4. Nxd4 Nc6 5. Nf3 a6 6. a3 Qc7 7. Bd3 Nf6 8. Nc3 Be7 9. 0-0 0-0 10. Re1 d6 11. Be3 b5 12. b4 Bb7 13. Qd2 Rfd8 14. Bf4 e5 15. Bg3 Rac8 16. Nd1 Nh5 17. Ne3 Nxg3 18. hxg3 Rf8 19. Nd5 Qd8 20. Qe3 Nb8 21. Rac1 Bxd5 22. exd5 Rc3 23. Bxh7+ Kxh7 24. Qxc3 f5 25. Qb3 g5 26. c4 bxc4 27. Rxc4 Kg6 28. Qc2 Qe8 29. g4 Qf7 30. Rc7 Re8 31. gxf5+ Qxf5 32. Qxf5+ Kxf5 33. Rec1 Bf6 34. Rc8 Rxc8 35. Rxc8 Nd7 36. Rc6 e4 37. Ne1 Ke5 38. Rxa6 Kxd5 39. Nc2 Ke5 40. Ne3 d5 41. Ra5 Nb6 42. Ng4+ 1-0